|
|
|
|
| LEADER |
01425nam a2200277 a 4500 |
| 001 |
0017299 |
| 003 |
BD-DhAAL |
| 008 |
091231s2006 ii b 001 0 eng d |
| 010 |
|
|
|a 2006561016
|
| 020 |
|
|
|a 9780195679489
|
| 020 |
|
|
|a 0195679482
|
| 040 |
|
|
|a DLC
|c DLC
|d DLC
|d BD-DhAAL
|
| 082 |
0 |
0 |
|a 323
|2 22
|
| 100 |
1 |
|
|a Sharma, Arvind.
|9 58555
|
| 245 |
1 |
0 |
|a Are human rights Western? :
|b a contribution to the dialogue of civilizations /
|c Arvind Sharma.
|
| 260 |
|
|
|a New Delhi :
|b Oxford University Press,
|c 2006.
|
| 300 |
|
|
|a xvii, 289 p. ;
|c 22 cm
|
| 504 |
|
|
|a Includes bibliographical references (p. [271]-279) and index.
|
| 526 |
|
|
|a SOL
|x Saira Rahman Khan
Assistant Professor
School of Law
BRAC University
|
| 541 |
1 |
|
|e 0017299, 0017300
|a Parash Publishers
|
| 650 |
|
0 |
|a Human rights.
|
| 852 |
4 |
|
|a Ayesha Abed Library
|c General Stacks
|
| 942 |
|
|
|2 ddc
|c BK
|
| 999 |
|
|
|c 6623
|d 6623
|
| 952 |
|
|
|0 0
|1 0
|2 ddc
|4 0
|6 323_SHA_200600000000000
|7 0
|9 6792
|a BRACUL
|b BRACUL
|c GEN
|d 2010-01-03
|e Parash Publishers
|g 1035.00
|l 1
|m 14
|o 323 SHA
|p 3010017300
|r 2024-10-06
|s 2024-06-24
|t 2
|w 2010-01-03
|y BK
|x Requisitioned by Saira Rahman Khan (Assistant Professor), School of Law, BRAC University
|
| 952 |
|
|
|0 0
|1 0
|2 ddc
|4 0
|6 323_SHA_200600000000000
|7 0
|9 6838
|a BRACUL
|b BRACUL
|c GEN
|d 2010-01-04
|e Parash Publishers
|g 1035.00
|l 0
|o 323 SHA
|p 3010017299
|r 2010-01-04
|t 1
|w 2010-01-04
|y BK
|x Requisitioned by Saira Rahman Khan (Assistant Professor), School of Law, BRAC University
|